000 00546nam a2200229Ia 4500
003 OSt
005 20220918191203.0
006 a|||||r|||| 00| 0
007 ta
008 220917b |||||||| |||| 00| 0 eng d
024 _a61,894
037 _cTextual
040 _aARTS
_cARTS
_beng
041 _2eng
_aeng
082 _aQ6:353, K5
100 _aCooke Bernard
_975210
245 0 _aFormation of faith
260 _c1965
650 _aRELIGION
942 _hQ6:353, K5
_cTEXL
_2CC
999 _c188661
_d188661